Erkende steden van België - Statistieken

Algemene statistieken
  • Deze quiz is 1.394 keer genomen
  • De gemiddelde score is 42 van 134
Antwoordstatistieken
Inwoners Provincie Antwoord % Correct
248.813 Oost-Vlaanderen Gent
95%
507.911 Antwerpen Antwerpen
92%
117.577 West-Vlaanderen Brugge
90%
195.931 Luik Luik
88%
168.576 geen Brussel
87%
75.579 Limburg Hasselt
86%
97.692 Vlaams-Brabant Leuven
86%
69.969 West-Vlaanderen Oostende
86%
110.500 Namen Namen
85%
65.224 Limburg Genk
83%
93.941 Henegouwen Bergen
80%
75.120 West-Vlaanderen Kortrijk
77%
82.602 Antwerpen Mechelen
76%
82.587 Oost-Vlaanderen Aalst
75%
203.753 Henegouwen Charleroi
73%
28.520 Luxemburg Aarlen
72%
73.280 Oost-Vlaanderen Sint-Niklaas
67%
3.330 West-Vlaanderen Lo-Reninge
64%
34.978 West-Vlaanderen Ieper
57%
33.365 Waals-Brabant Waver
56%
59.340 West-Vlaanderen Roeselare
55%
42.008 Antwerpen Turnhout
53%
39.769 Limburg Sint-Truiden
52%
44.493 Oost-Vlaanderen Dendermonde
49%
38.101 Antwerpen Geel
48%
19.682 West-Vlaanderen Blankenberge
47%
34.497 Antwerpen Lier
47%
30.631 Limburg Tongeren
46%
11.487 West-Vlaanderen Nieuwpoort
45%
36.960 West-Vlaanderen Waregem
45%
28.969 Vlaams-Brabant Aarschot
44%
40.104 Oost-Vlaanderen Lokeren
44%
33.233 Vlaams-Brabant Tienen
44%
13.668 Namen Dinant
42%
23.271 Vlaams-Brabant Diest
41%
69.667 Henegouwen Doornik
41%
30.412 Oost-Vlaanderen Oudenaarde
41%
41.432 Vlaams-Brabant Vilvoorde
41%
16.520 West-Vlaanderen Diksmuide
40%
11.238 Luxemburg Durbuy
40%
18.892 Luik Eupen
40%
37.446 Oost-Vlaanderen Ninove
39%
32.852 Oost-Vlaanderen Geraardsbergen
38%
33.636 Limburg Lommel
38%
29.815 Oost-Vlaanderen Deinze
37%
37.104 Vlaams-Brabant Halle
36%
15.230 Luxemburg Bastenaken
35%
55.733 Luik Verviers
35%
11.363 West-Vlaanderen Veurne
35%
43.975 Limburg Beringen
34%
27.438 Antwerpen Herentals
34%
56.407 Henegouwen Moeskroen
34%
19.916 West-Vlaanderen Poperinge
34%
20.329 Oost-Vlaanderen Eeklo
33%
32.707 West-Vlaanderen Menen
31%
16.230 Limburg Peer
31%
10.487 Luik Spa
31%
19.974 West-Vlaanderen Tielt
31%
79.486 Henegouwen La Louvière
30%
24.891 Limburg Maaseik
30%
12.316 Luik Malmedy
30%
20.284 West-Vlaanderen Torhout
30%
25.565 Oost-Vlaanderen Ronse
29%
28.463 Henegouwen Aat
28%
15.434 Limburg Bree
28%
25.580 Oost-Vlaanderen Zottegem
27%
10.855 West-Vlaanderen Damme
26%
21.346 Luik Hoei
26%
63.732 Luik Seraing
25%
31.435 Limburg Bilzen
24%
27.354 West-Vlaanderen Izegem
24%
27.110 Waals-Brabant Nijvel
24%
15.719 Vlaams-Brabant Landen
23%
5.399 Luxemburg Bouillon
22%
31.353 Waals-Brabant Ottignies-Louvain-la-Neuve
22%
11.540 Luxemburg Virton
22%
27.103 West-Vlaanderen Harelbeke
21%
9.836 Henegouwen Chimay
20%
20.549 Antwerpen Hoogstraten
20%
18.398 West-Vlaanderen Wervik
19%
10.562 Limburg Borgloon
17%
12.330 Limburg Herk-de-Stad
17%
4.191 Luxemburg La Roche-en-Ardenne
17%
25.202 Antwerpen Mortsel
17%
9.479 Luik Sankt-Vith
17%
14.271 Limburg Hamont-Achel
16%
17.440 Luxemburg Marche-en-Famenne
16%
12.431 Namen Rochefort
16%
15.852 Namen Ciney
15%
9.422 Limburg Halen
15%
980 West-Vlaanderen Mesen
15%
22.620 Vlaams-Brabant Scherpenheuvel-Zichem
15%
33.091 Henegouwen Binche
14%
11.871 West-Vlaanderen Gistel
14%
38.997 Luik Herstal
14%
8.278 Vlaams-Brabant Zoutleeuw
14%
19.929 Limburg Dilsen-Stokken
13%
7.342 Luxemburg Neufchâteau
13%
7.051 Luik Stavelot
13%
25.795 Namen Andenne
12%
14.795 Luik Borgworm
12%
18.005 Henegouwen Komen-Waasten
12%
5.090 Luxemburg Houffalize
11%
13.286 Henegouwen Edingen
10%
13.614 Waals-Brabant Geldenaken
10%
24.451 Namen Gembloers
10%
5.819 Luik Limburg
10%
9.094 West-Vlaanderen Oudenburg
10%
9.074 Namen Philippeville
10%
21.408 Henegouwen 's-Gravenbrakel
10%
17.453 Luik Wezet
10%
26.667 Henegouwen Zinnik
10%
36.319 Henegouwen Châtelet
9%
13.952 Namen Couvin
9%
15.583 Luik Hannuit
9%
18.471 Henegouwen Lessen
8%
5.650 Luxemburg Saint-Hubert
8%
14.662 Henegouwen Thuin
8%
5.527 Luxemburg Florenville
7%
7.693 Henegouwen Antoing
6%
8.867 Namen Beauraing
6%
15.160 Waals-Brabant Genepiën
6%
17.224 Luik Herve
6%
13.610 Henegouwen Leuze-en-Hainaut
6%
17.216 Henegouwen Péruwelz
6%
7.053 Henegouwen Beaumont
5%
5.178 Luxemburg Chiny
5%
22.666 Henegouwen Fleurus
5%
23.039 Henegouwen Saint-Ghislain
5%
18.215 Namen Walcourt
5%
6.798 Henegouwen Chièvres
4%
17.395 Henegouwen Fontaine-l'Evêque
3%
10.208 Namen Fosses-la-Ville
3%
8.249 Henegouwen Le Rœulx
3%
Geen overeenkomende quizzen gevonden
Scoreverdeling
Procent van Mensen met Elke Score
Percentiel versus Aantal Correcte Antwoorden
Uw Scoregeschiedenis
U heeft deze quiz nog niet genomen